000
00254nam a2200097Ia 4500
082
_a
J 808.06692 WELS
245
0
_a
Write it down!
100
_a
WELSH, Cassie Harlow, 2004
_9
96501
942
_c
BK
008
210817s9999 xx 000 0 und d
999
_c
405682
_d
405681